Real World Illustrator 9

Bibliographic Details
Main Author: Mc Clalland, Dake
Format: Book
Published: Berkeley : Peachpit Press , 2000
Subjects:

MARC

LEADER 00000cam a2200000 7i4500
001 0000012665
005 20050613.0
020 |a 0201704056 
040 |a INS 
090 0 0 |a T385.   |b M3589 2000 
100 1 |a Mc Clalland, Dake 
245 1 0 |a Real World Illustrator 9   |c Dake Mc Clalland 
260 |a Berkeley :   |b Peachpit Press ,   |c 2000 
300 |a xxix :   |b 839p ;   |c 22cm. 
650 0 0 |a Adobe Illustrator (Computer File)   |x Computer Graphics 
999 |a 0000009093   |b BOOK   |c Open Shelf   |e Default branch